Udržateľný rozvoj a stratégia podniku

Koncept trvalo udržateľného rozvoja sa stal najdôležitejšou témou 21. storočia, ktorá je zároveň hnacou silou a impulzom v úsilí o zachovanie ekonomickej prosperity spoločnosti a ochrany životného prostredia. Dôležitú úlohu v tejto oblasti zohrávajú spoločnosti implementujúce prvky trvalo udržateľné...

Ausführliche Beschreibung

Gespeichert in:
Bibliographische Detailangaben
1. Verfasser: Marhefková, Anna, 1967-
Format: Buchkapitel
Sprache:Slowakisch
Schlagworte:
Tags: Tag hinzufügen
Keine Tags, Fügen Sie das erste Tag hinzu!

MARC

LEADER 00000naa$a2200000$$$4500
001 0310756
005 20250612135451.3
041 0 |a slo 
044 |a SK 
245 1 0 |a Udržateľný rozvoj a stratégia podniku  |c Anna Marhefková 
520 |a Koncept trvalo udržateľného rozvoja sa stal najdôležitejšou témou 21. storočia, ktorá je zároveň hnacou silou a impulzom v úsilí o zachovanie ekonomickej prosperity spoločnosti a ochrany životného prostredia. Dôležitú úlohu v tejto oblasti zohrávajú spoločnosti implementujúce prvky trvalo udržateľného rozvoja do svojej stratégie. Cieľom trvalo udržateľného rozvoja spoločnosti je zabezpečiť proces, v ktorom spoločnosť uplatňuje princípy environmentálnej, sociálnej a ekonomickej udržateľnosti vo všetkých výrobných aktivitách spoločnosti. 
610 2 0 |a rozvoj trvalo udržateľný 
610 2 0 |a ESG 
610 2 0 |a podnik výrobný 
610 2 0 |a stratégia podniková 
610 2 0 |a prostredie podnikateľské 
610 2 0 |a ochrana prostredia životného 
100 1 |a Marhefková, Anna, 1967-